Harcourt : a novel : in four volumes,

Bibliographic Details
Main Author: Meeke, Mrs. (Elizabeth), 1761-1826? (Author)
Corporate Author: Adam Matthew Digital (Firm) (digitiser.)
Format: eBook
Language:English
Published: London : William Lane, 1799.
Series:AM Scholar: Literary Studies.
Subjects:
Online Access:Connect to the full text of this electronic book

MARC

Tag First Indicator Second Indicator Subfields
LEADER 00000cam a2200000Mi 4500
001 in00005477649
006 m o d
007 cr |||||||||||
008 191128s1799 enk o 000 f eng d
005 20240917155317.8
035 |a (OCoLC)on1143456510 
040 |a UKAMD  |b eng  |e rda  |e pn  |c UKAMD  |d OCLCO  |d OCLCL 
035 |a (OCoLC)1143456510 
050 4 |a PR4990 
082 0 4 |a 823.7  |2 23 
049 |a TXAM 
100 1 |a Meeke,  |c Mrs.  |q (Elizabeth),  |d 1761-1826?,  |e author. 
245 1 0 |a Harcourt :  |b a novel : in four volumes,  |f 1799. 
264 1 |a London :  |b William Lane,  |c 1799. 
300 |a 1 online resource (2 volumes (various pagings)). 
336 |a text  |b txt  |2 rdacontent 
337 |a computer  |b c  |2 rdamedia 
338 |a online resource  |b cr  |2 rdacarrier 
490 1 |a AM Scholar: Literary Studies. 
500 |a "Collection: Gothic Fiction: Rare Printed Works from the Sadleir-Black Collection of Gothic Fiction at the Alderman Library, University of Virginia"--Homepage. 
500 |a "Original Microfilm Part: Part 6: Domestic and Sentimental Gothic - Lathom to Warner"--Homepage. 
500 |a "Original Microfilm Reel: 116"--Homepage. 
500 |a "Other Notes: PZ 2 M 44 H 1799. 2v. London, Minerva Press, 1799."--Homepage. 
500 |a Four volumes in two. 
535 1 |a Alderman Library, University of Virginia 
542 |f Alderman Library, University of Virginia. 
588 |a Description based on online resource; title from scanned document's title page (viewed on November 28, 2019). 
655 7 |a Electronic books.  |2 local 
655 0 |a Gothic fiction (Literary genre) 
710 2 |a Adam Matthew Digital (Firm),  |e digitiser. 
758 |i has work:  |a 1799 Harcourt (Text)  |1 https://id.oclc.org/worldcat/entity/E39PCGW87vfvVgprBTxvPXyDMd  |4 https://id.oclc.org/worldcat/ontology/hasWork 
830 0 |a AM Scholar: Literary Studies. 
856 4 0 |u http://proxy.library.tamu.edu/login?url=https://www.amscholar.amdigital.co.uk/Documents/Details/GF_Part6_Reel116_Vol1  |z Connect to the full text of this electronic book  |t 0 
955 |a Adam Matthew Scholar Literacy Studies 
994 |a 92  |b TXA 
999 f f |s cc86f72a-755f-4ca7-8718-baf60d9e5810  |i 159b47de-852d-4ac6-95ee-2282426eb001  |t 0 
952 f f |a Texas A&M University  |b College Station  |c Electronic Resources  |d Available Online  |t 0  |e PR4990   |h Library of Congress classification 
998 f f |a PR4990   |t 0  |l Available Online